Význam vplyvu farieb v marketingovej komunikácii diplomová práca

Gespeichert in:
Bibliographische Detailangaben
1. Verfasser: Migrová, Jana
Körperschaft: Obchodná fakulta EU. Katedra marketingu
Weitere Verfasser: Čvirik, Marián, 1992-
Format: Buch
Sprache:Slowakisch
Veröffentlicht: Bratislava 2023
Tags: Tag hinzufügen
Keine Tags, Fügen Sie das erste Tag hinzu!

MARC

LEADER 00000nbm a2200000 4500
001 0293753
005 20240111104934.8
041 0 |a slo 
044 |a SK 
245 1 0 |a Význam vplyvu farieb v marketingovej komunikácii  |b diplomová práca  |c Jana Migrová ; školiteľ: Marián Čvirik 
264 1 |a Bratislava  |c 2023 
300 |a 92 s. 
100 1 |a Migrová, Jana 
700 1 |a Čvirik, Marián, 1992- 
710 2 |a Obchodná fakulta EU. Katedra marketingu